000
00391nam a2200133Ia 4500
008
151001s9999||||xx |||||||||||||| ||und||
100
_a
रामनारायण धुर्वे
245
_a
भरभरी लोकगाथा की परंपरा
250
_a
1
260
_b
मित्तल एंड सन्स
260
_c
2010
300
_a
199
365
_b
21
999
_c
999449
_d
999446